000 02026nam a22002297a 4500
001 7840
003 FISKH
005 20250811160616.0
008 250811b cb ||||| |||| 00| 0 eng d
020 _a9782021117707
040 _aFISKH
_beng
_cFISKH
_dFISKH
050 _aPQ2712.O895 E513
082 _a843.92
100 _aLouis, Édouard
245 _aEn finir avec Eddy Bellegueule /
_cBy Édouard Louis
260 _aParis :
_bSeuil ,
_c2014.
300 _a219 pages :
_billustrations ;
_c21 cm .
520 _aEn finir avec Eddy Bellegueule était finaliste au Goncourt du premier roman, au prix du Livre Inter, au prix France Culture Télérama, au prix RTL Lire et au prix Orange du livre, et était en lice pour le prix Renaudot.Le premier roman d'un auteur de vingt-deux ans, d'une force et d'une maturité exceptionnelles.Élevé dans une famille ouvrière de Picardie, Eddy ne ressemble pas aux autres enfants. Sa manière de se tenir, son élocution, sa délicatesse lui valent de nombreuses humiliations et injures, tant par ses camarades de classe que par son père alcoolique et sa mère revêche. Lui-même finit par s’interroger sur cette homosexualité dont on le taxe avant même qu’il éprouve le moindre désir. Mais la véritable persécution ne vient-elle pas du conditionnement social ? Il parviendra à s’arracher à cette chape écrasante, qui donne au récit une allure zolienne, et à imposer sa personnalité en poursuivant des études de théâtre à Amiens, loin de l’enfer familial et villageois qu’il a connu. Ce texte, psychologiquement frappant, dresse un tableau saisissant d’un monde populaire brutal et sensiblement archaïque. Mais la finesse de l’auteur, par ailleurs sociologue, resitue dans un contexte social le drame familial qui aurait pu devenir une vraie tragédie individuelle. Comment échapper à la détermination ? Comment chaque être peut-il inventer sa liberté ?
650 _aPicardie
_vFrench literature
942 _2ddc
_cBK
_n0
999 _c7840
_d7840